English Premier League Runners-Up - Statistics

General Stats
  • This quiz has been taken 236 times
  • The average score is 8 of 9
Answer Stats
Answer % Correct
Manchester City
100%
Manchester United
100%
Arsenal
99%
Liverpool
99%
Chelsea
98%
Tottenham Hotspur
97%
Blackburn Rovers
86%
Newcastle United
84%
Aston Villa
70%
No matching quizzes found
Score Distribution
Percent of People with Each Score
Percentile by Number Answered
Your Score History
You have not taken this quiz